000 00714cam a2200241 a 4500
008
020 _a0273657917 (pbk. )
049 _aMAIN
090 _aHF5415 BRA
100 1 _aBrassington, Frances.
245 1 0 _aPrinciples of marketing /
_cFrances Brassington, Stephen Pettitt.
260 _aLondon :
_bFT/Pitman Publishing,
_c1997.
300 _axviii, 1086 p. :
_bcol. ill. ;
_c27 cm.
504 _aIncludes bibliographical references.
500 _aIncludes index.
650 0 _aMarketing.
700 1 _aPettitt, Stephen.
907 _a.b10247075
_b10-09-12
_c04-06-07
003
005 20230123134454.0
040 _cNUST
942 _cBOOKS
_kHF5415 BRA
999 _c166536
_d166536